1216 1098 1203 1332 1440 1243 1381 1463 1785 1942 1181 1087 1882 1752 1035 1250 1446 1823 1024 1564 1080 1410 1664 1092 1459 1139 1651 1532 1467 1833 1805 1754 1431 1900 1732 1921 1272 1274 1204 1384 1402 1304 1749 1586 1121 1718 1501 1176 1046 1389 1540 1591 1640 1748 1232 1508 1655 1688 1649 1620 1693 1696 1808 1126 1948 1634 1825 1300 1089 1308 1180 1957 1628 1239 1920 1046 1196 1806 1614 1859 1448 1049 1717 1736 1397 1128 1860 1412 1731 1764 1511 1261 1553 1711 2000 1729 1062 1720 1127 BCNSPRNW ULIB Ver.6.0+V

เปลี่ยนเป็นภาษาไทย

Change to English
 แสดงรายละเอียดบรรณานุกรม
  กลับหน้าหลัก

Brief Record : Get Marc (ISO 2709) : E-mail record : QR code < ปิดหน้าต่าง
LEADER : 00000nam 2200000uu 4500
001    13399120242
003     ULIB
008    120917s2550||||th 000 0 tha d
020    ^a9749470473
060  4 ^aQT275^bค941บ
100 3  ^aแครอล มาจีโอ
245 00 ^aบริหารหน้าใสสวยได้ใน7วัน/^cแปล:โสภาพรรณ
250    ^aพิมพ์ครั้งที่1
260    ^aกรุงเทพฯ:^bบริษัทอมรพริ้นติ้งแอนด์พับลิชชิ่ง จำกัด,^c2550
300    ^a138 หน้า:^bภาพประกอบ
650  7 ^aการบริหารใบหน้า
650  7 ^aความสวย
650  7 ^aสตรีวัยกลางคน^xสุขภาพอนามัย
945    ^p210^l0^i14071
995    ^aกัณชพร
999 ^a ^กัณชพร
รายการนี้ยังไม่มีแท็ก
คุณยังไม่ได้ล็อกอิน คุณสามารถมีกิจกรรมร่วมกับเว็บไซต์ได้ แต่ต้องล็อกอินก่อน ::
  ล็อกอิน

รายการสื่อสารสนเทศ

ลำดับที่ ประเภท เลขเรียก/บาร์โค้ด สถานที่ สถานะ
1. วิทยาศาสตร์การแพทย์ และสุขภาพ
วิทยาศาสตร์การแพทย์ และสุขภาพ
QT275 ค941บ  
  Barcode: 14071
ห้องสมุดวิทยาเขตสวรรค์ประชารักษ์
►หนังสือทั่วไป
บนชั้น

รายการใกล้เคียง
    ผู้แต่ง [แครอล มาจีโอ]

    หัวเรื่อง [การบริหารใบหน้า]
    หัวเรื่อง [ความสวย]

BibComment


ยังไม่เคยถูกคอมเมนท์

คอมเมนท์ทรัพยากรรายการนี้
  คอมเมนท์: บริหารหน้าใสสวยไ..


 Copyright 2026. Bcnsprnw @Library